| 000 | 00777nam a22002297a 4500 | ||
|---|---|---|---|
| 005 | 20170124110102.0 | ||
| 010 | _aA-351849 | ||
| 020 | _c00.00 | ||
| 035 | _aA-351849 | ||
| 037 | _bCen Lib/Ret | ||
| 040 |
_aDPL _bEN |
||
| 082 |
_a954.0841 _bPAT |
||
| 100 |
_aPatil, V. S. _927312 |
||
| 245 |
_aSubhas Chandra Bose : _cby V. S. Patil _bhis contribution to Indian nationalism / |
||
| 260 |
_aNew Delhi _bSterling Publishers _c1988 |
||
| 270 |
_bNew Delhi _aL-10, Green Park Extension _e110016 |
||
| 300 |
_axvii,324p. _c20cm(Hb) |
||
| 500 | _aIncludes bibliographical references and index | ||
| 650 |
_aBose, Subhas Chandra, -- 1897-1945 _974360 |
||
| 650 |
_aIndia -- Politics and government -- 1919-1947 _974361 |
||
| 942 |
_2ddc _cEN _h954.0841 _mPAT |
||
| 999 |
_c129757 _d129757 |
||